000 00357nam a2200157Ia 4500
003 OSt
005 20240207094044.0
008 170524s9999 xx 000 0 und d
020 _a978-0070402676
040 _cIIMT UNIVERSITY
100 _aDAVIS GORDON B
100 _c2011
245 0 _aMANAGEMENT INFORMATION SYSTEMS
260 _aTMH
942 _2ddc
_c01
999 _c2633
_d2633